| 000 | 00000nas##2200000za#4500 |
| 001 | 9.512161 |
| 003 | CaOODSP |
| 005 | 20200331215126 |
| 007 | ta |
| 008 | 150406c2010||||xxc|| p #||||f| |0fre|d |
| 022 | |a1929-364X |
| 040 | |aCaOODSP|bfre |
| 041 | |aeng |
| 041 | |afre |
| 043 | |an-cn--- |
| 086 | 1 |aPS61-17 |
| 110 | 1 |aCanada.|bGendarmerie royale du Canada. |bDirection générale des services d'arbitrage. |
| 245 | 10|aRapport annuel, gestion du processus disciplinaire de la GRC |
| 260 | |aOttawa - Ontario : |bGendarmerie royale du Canada. |
| 310 | |aAnnuel |
| 362 | 1 |a2009/2010--2010/2011, 2012/2013-- |
| 520 | 3 |aExplique le partage de la gestion et du fonctionnement du processus disciplinaire entre diverses composantes de l’organisation et la contribution de ces composantes à l’efficience du processus disciplinaire. |
| 563 | |aCouverture souple |
| 776 | 0#|tRapport annuel, gestion du processus disciplinaire de la GRC. |w(CaOODSP)9.502459 |
| 791 | |tAnnual report, management of the RCMP disciplinary process |eeng|w(CaOODSP)9.512160 |